000 00645cam a2200241 4500
008 090401t1990 xxu||||| |||| 00| 0 eng d
020 _a0632028130
035 _a(Sirsi) u72154
041 _aeng
050 _a690.2
100 _aNoy, Edward A
245 _aBuilding surveys and reports
260 _aOxford
_bBSP Professional Books
_c1990
300 _axii,340p. : ill. ; 24cm.
350 _a19.95
650 _aBUILDING DEFECTS
650 _aFIRE DAMAGE
650 _aFLOOD DAMAGE
650 _aBUILT ENVIRONMENT-BUILDING SURVEYING-STRUCTURAL SURVEYING
650 _aSurvey reports
_96270
942 _n0
948 _c04/03/1997
999 _c95485
_d95485